Compostatge i gestió de residus orgànics / Montserrat Soliva Torrentó
ISBN:
84-7794-803-8
Descripción Física:
111 p. : il. ; 23 cm
Colección:
Estudis i monografies ; 21
MARC
| LEADER | 00000nam a2200000Ia 4500 | ||
|---|---|---|---|
| 001 | 13204 | ||
| 008 | 160829s2001 xx 000 0 cat d | ||
| 020 | |a 84-7794-803-8 | ||
| 080 | |a C-2-212 | ||
| 100 | |a Soliva Torrentó, Montserrat |9 43414 | ||
| 245 | |a Compostatge i gestió de residus orgànics / Montserrat Soliva Torrentó | ||
| 260 | |a Barcelona : |b Diputació de Barcelona, Àrea de Medi Ambient, |c 2001 | ||
| 300 | |a 111 p. : |b il. ; |c 23 cm | ||
| 490 | |a Estudis i monografies ; 21 | ||
| 590 | |a Bibliografia | ||
| 650 | |a Residus orgànics |x Reciclatge |9 32431 | ||
| 650 | |a Plantes de compostatge |9 32432 | ||
| 710 | |a Barcelona (Catalunya : Província). |b Àrea de Medi Ambient |9 52987 | ||
| 901 | |a Arxiu | ||
| 942 | |n 1 | ||
| 952 | |0 0 |1 0 |4 0 |6 C2212 |7 1 |9 45981 |a Arxiu |b Arxiu |d 2016-12-01 |l 0 |o C-2-212 |p 13204 |r 2016-12-01 00:00:00 |w 2016-12-01 |y ARXIU | ||
| 999 | |c 49482 |d 49482 | ||